| 000 | 00626nam a2200169Ia 4500 | ||
|---|---|---|---|
| 999 |
_c13961 _d13961 |
||
| 003 | OSt | ||
| 005 | 20260316125613.0 | ||
| 008 | 260210s9999 xx 000 0 und d | ||
| 020 | _a9781946226228 | ||
| 082 | _a724.6 | ||
| 100 | _aVictor Deupi | ||
| 245 | 0 | _aransformations in Classical Architecture: New Directions in Research and Practice, | |
| 260 | _bOSCAR RIERA OJEDA 2019 | ||
| 260 | _c2019 | ||
| 500 | _aThe work studies the evolution of classical architectural language in contemporary practice, including sustainability, digital technologies, and new theoretical approaches to classical design. | ||
| 942 |
_cRD _2ddc |
||